000 00884 a2200205 4500
001 25016
005 20260407155533.0
008 260407a1961 arg spa d
003 AR-UNSa-BCEJYS
040 _aAR-UNSa-BCEJYS
_bspa
_cAR-UNSa-BCEJYS
080 _a519.2
_xProbabilidades y estadística matemática
245 1 0 _aEstadística para economistas
250 _a2a. ed
264 1 _aBarcelona :
_bJuventud
_c1961
300 _a200 p.
_c22 cm.
505 _a1. La materia prima de la estadística - 2. Los datos estadísticos conocidos como fuentes infromativas - 3. Gráficos y diagramas - 4. Estadística derivada - 5. Distribuaciones de frecuencias - 6. Números indice - 7. Correlación - 8. Series cronológicas - 9. La adecuada elección de los grupos representativos - Apéndice
942 _cBK
590 _aniveau_biblio:m niveau_hierar:0
100 1 _aAllen, R.G.D.
999 _c1261
_d1261